00589nam a22001817a 4500008004100000010001700041020002600058035001700084035001300101037000800114040001800122082001100140100002400151245007900175260004700254270007000301300003600371090122t xxu||||| |||| 00| 0 eng d aB-330306-333 a9788179912782c125.00 aB-330306-333 aB-358514 bPUB adplbEnglish  a230.35 aRajadhyaksha, V.G.  aThe life of Sri Ramakrishna Paramhansa for children /cby V.G Rajadhyaksha aMumbai bPopular Prakashan c2008 (repr.)  a301, Mahalaxmi Chambers, 22 Bhulabhai Desai RoadbMumbaie400 026 a80p. bcol. ill. c24cm. (pbk)